000 00331nam a22001337a 4500
008 180925b xxu||||| |||| 00| 0 eng d
020 _a9780393704631
041 _aeng
080 _a573
100 _a11
101 _aBIO
245 _aThe Science Addiction From Neurobiology To TReatment
_cErickson.C.K
942 _2udc
_cBK
999 _c48456
_d48456